Control(-ling): Known/Unknown
Mýty o kontrole ako manžérskej funkcii, objasnenie terminológie. Postoje manažérov ku kontrole. Západný a východný prístup ku kontrole a ich porovnanie. Tri významy vnútornej kontroly (internal control).
Guardado en:
| Autor principal: | |
|---|---|
| Formato: | Capítulo de libro |
| Lenguaje: | inglés |
| Materias: | |
| Etiquetas: |
Sin Etiquetas, Sea el primero en etiquetar este registro!
|
MARC
| LEADER | 00000naa$a2200000$$$4500 | ||
|---|---|---|---|
| 001 | 0247596 | ||
| 005 | 20240502083700.5 | ||
| 041 | 0 | |a eng | |
| 044 | |a DE | ||
| 245 | 1 | 0 | |a Control(-ling): Known/Unknown |c Juraj Mišún |
| 520 | |a Mýty o kontrole ako manžérskej funkcii, objasnenie terminológie. Postoje manažérov ku kontrole. Západný a východný prístup ku kontrole a ich porovnanie. Tri významy vnútornej kontroly (internal control). | ||
| 610 | 2 | 0 | |a riadenie |
| 610 | 2 | 0 | |a manažment |
| 610 | 2 | 0 | |a manažéri |
| 610 | 2 | 0 | |a funkcie riadenia |
| 610 | 2 | 0 | |a kontroling |
| 610 | 2 | 0 | |a kontrola |
| 610 | 2 | 0 | |a kontrola vnútorná |
| 610 | 2 | 0 | |a podnik |
| 610 | 2 | 0 | |a postoje |
| 610 | 2 | 0 | |a terminológia |
| 100 | 1 | |a Mišún, Juraj, 1978- | |